Maslule ha-ʻidud le-meḥḳar u-fituaḥ taʻaśiyati : tamtsit medaʻ la-yazam.
Saved in:
| Corporate Author: | |
|---|---|
| Format: | Book |
| Language: | Hebrew |
| Published: |
Yerushalayim :
Miśrad ha-taʻaśiyah ṿeha-misḥar, Lishkat ha-madaʻan ha-rashi,
1997.
|
| Subjects: | |
| Tags: |
Add Tag
No Tags, Be the first to tag this record!
|
| LEADER | 00881nam a22002177a 4500 | ||
|---|---|---|---|
| 001 | 007744970-3 | ||
| 005 | 20110130192049.0 | ||
| 008 | 940610s1997 is 00||||heb|d | ||
| 035 | 0 | |a ocm38938273 | |
| 110 | 1 | |a Israel. |b Miśrad ha-taʻaśiyah ṿeha-misḥar. |b Lishkat ha-madʻan ha-rashi. | |
| 245 | 1 | 0 | |a Maslule ha-ʻidud le-meḥḳar u-fituaḥ taʻaśiyati : |b tamtsit medaʻ la-yazam. |
| 246 | 3 | 4 | |a Maslule temikhah be-meḥḳar u-fituah taʻaśiyati |
| 260 | |a Yerushalayim : |b Miśrad ha-taʻaśiyah ṿeha-misḥar, Lishkat ha-madaʻan ha-rashi, |c 1997. | ||
| 300 | |a 16 p. | ||
| 500 | |a Cover title: Maslule temikhah be-meḥḳar u-fituah taʻaśiyati | ||
| 651 | 0 | |a Israel |x Economic policy. | |
| 650 | 0 | |a Investments, Foreign |x Law and legislation |z Israel. | |
| 650 | 0 | |a Investments |x Law and legislation |z Israel. | |
| 752 | |a Israel |d Jerusalem | ||
| 988 | |a 20020608 | ||
| 906 | |0 MH | ||


